Southville International School and Colleges
Your cart is empty.
  • Cart
  • Lists
    Public lists Eva Luna New books Lux_list list_1
    Your lists Log in to create your own lists
  • Log in to your account
  • Your cookies
  • Search history
Southville International School and Colleges
  • Advanced search
  • Recent comments
  • Most popular
  • Libraries

Log in to your account

Log in with GOOGLE


If you do not have an external account, but do have a local account, you can still log in:

  1. Home
  2. MARC view: Writing from experience /
Normal view MARC view ISBD view

Writing from experience / (Record no. 10212)

[ view plain ]
MARC details
000 -LEADER
fixed length control field 00522nam a22001817a 4500
003 - CONTROL NUMBER IDENTIFIER
control field SISC
005 - DATE AND TIME OF LATEST TRANSACTION
control field 20160308140014.0
008 - FIXED-LENGTH DATA ELEMENTS--GENERAL INFORMATION
fixed length control field 130902t xxu||||| |||| 00| 0 eng d
020 ## - INTERNATIONAL STANDARD BOOK NUMBER
International Standard Book Number 0155978616
050 ## - LIBRARY OF CONGRESS CALL NUMBER
Classification number PE 1417
Item number .W956 1975
082 ## - DEWEY DECIMAL CLASSIFICATION NUMBER
Classification number HS 808
Item number Ni51 1975
245 ## - TITLE STATEMENT
Title Writing from experience /
Statement of responsibility, etc edited by William Nichols
260 ## - PUBLICATION, DISTRIBUTION, ETC. (IMPRINT)
Place of publication, distribution, etc New York :
Name of publisher, distributor, etc Harcourt Brace Jovanovich, Inc,
Date of publication, distribution, etc c1975.
300 ## - PHYSICAL DESCRIPTION
Extent 291 p. :
Dimensions 21 cm.
650 ## - SUBJECT ADDED ENTRY--TOPICAL TERM
Topical term or geographic name as entry element English language
General subdivision Rhetoric
9 (RLIN) 16247
942 ## - ADDED ENTRY ELEMENTS (KOHA)
Source of classification or shelving scheme Library of Congress Classification
Koha item type Books
Holdings
Withdrawn status Lost status Source of classification or shelving scheme Damaged status Home library Current library Shelving location Date acquired Total Checkouts Full call number Barcode Date last seen Copy number Price effective from Koha item type
    Library of Congress Classification   Luxembourg Library Luxembourg Library High School Section 09/02/2013   PE 1417 .W956 1975 2747 03/08/2016 1 09/02/2013 Books

Writing from experience /

APA

(1975). Writing from experience. New York: Harcourt Brace Jovanovich, Inc.

Chicago

1975. Writing from experience. New York: Harcourt Brace Jovanovich, Inc.

Harvard

(1975). Writing from experience. New York: Harcourt Brace Jovanovich, Inc.

MLA

Writing from experience. New York: Harcourt Brace Jovanovich, Inc. 1975.

  • Place hold
  • Print
  • Cite
  • Add to your cart (remove)
  • Save record
    BIBTEX Dublin Core MARCXML MARC (non-Unicode/MARC-8) MARC (Unicode/UTF-8) MARC (Unicode/UTF-8, Standard) MODS (XML) RIS
  • More searches
    Search for this title in:
    Other Libraries (WorldCat) Other Databases (Google Scholar) Online Stores (Bookfinder.com) Open Library (openlibrary.org)

Exporting to Dublin Core...

SOUTHVILLE LIBRARY

Southville International School and Colleges Library

1281 Tropical Ave. Cor. Luxembourg St., BF Homes International, Las Pinas City

Tel. No. 8256374 / 252358 Loc. 117/146

Powered by Koha